Leaders of China Since 1911 - Statistics

General Stats
  • This quiz has been taken 121 times
  • The average score is 9 of 15
Answer Stats
Reign Name % Correct
1949-1976 Mao Zedong
99%
2013- Xi Jinping
98%
1976-1989 Deng Xiaoping
84%
1928-1949 Chiang Kai-Shek
81%
2003-2013 Hu Jintao
75%
1911-1912 Sun Yat-Sen
74%
1989-2003 Jiang Zemin
66%
1912-1916 Yuan Shikai
55%
1922-1923 Li Yuanhong
51%
1916-1917 Li Yuanhong
50%
1949 Li Zongren
50%
1917 Zhang Xun
34%
1918-1922 Xu Shichang
29%
1917-1918 Feng Guozhang
23%
1923-1924 Cao Kun
21%
No matching quizzes found
Score Distribution
Percent of People with Each Score
Percentile by Number Answered
Your Score History
You have not taken this quiz